| 000 | 00000nas 2200000za 4500 |
| 001 | 9.829580 |
| 003 | CaOODSP |
| 005 | 20221107145325 |
| 007 | cr ||||||||||| |
| 008 | 161222d19781979oncqr p oss f0###a0eng|d |
| 040 | |aCaOODSP|beng |
| 041 | |aeng|afre |
| 043 | |an-cn--- |
| 086 | 1 |aCS47-006-PDF |
| 245 | 00|aProduction and shipments of plastic bottles |h[electronic resource] = |bProduction et expédition de bouteilles plastiques. |
| 246 | 11|aProduction et expédition de bouteilles plastiques |
| 260 | |a[Ottawa] : |bStatistics Canada, Manufacturing and Primary Industries Division = Statistique Canada, Division des industries manufacturières et primaires, |c1978-1979. |
| 310 | |aQuarterly |
| 362 | 0 |aVol. 7, no. 1 (quarter ended Mar. 31, 1978)-v. 7, no. 4 (quarter ended Dec. 31, 1978). |
| 500 | |aCaption title. |
| 500 | |aDigitized edition from print [produced by Statistics Canada]. |
| 546 | |aText in English and French. |
| 692 | 07|2gccst|aPlastics industry |
| 692 | 07|2gccst|aStatistics |
| 710 | 1 |aCanada. |bStatistics Canada. |bManufacturing and Primary Industries Division. |
| 785 | 00|tProduction and shipments of blow-moulded plastic bottles |w(CaOODSP)9.808344 |
| 792 | |tProduction and shipments of plastic bottles |efre|w(CaOODSP)9.829584 |